<?xml version="1.0" encoding="UTF-8"?><?xml-stylesheet type="text/xsl" href="static/style.xsl"?><OAI-PMH xmlns="http://www.openarchives.org/OAI/2.0/" xmlns:xsi="http://www.w3.org/2001/XMLSchema-instance" xsi:schemaLocation="http://www.openarchives.org/OAI/2.0/ http://www.openarchives.org/OAI/2.0/OAI-PMH.xsd"><responseDate>2026-04-14T03:26:44Z</responseDate><request verb="GetRecord" identifier="oai:www.recercat.cat:20.500.12328/1164" metadataPrefix="marc">https://recercat.cat/oai/request</request><GetRecord><record><header><identifier>oai:recercat.cat:20.500.12328/1164</identifier><datestamp>2025-05-20T00:01:56Z</datestamp><setSpec>com_2072_67741</setSpec><setSpec>col_2072_484352</setSpec></header><metadata><record xmlns="http://www.loc.gov/MARC21/slim" xmlns:dcterms="http://purl.org/dc/terms/" xmlns:xsi="http://www.w3.org/2001/XMLSchema-instance" xmlns:doc="http://www.lyncode.com/xoai" xsi:schemaLocation="http://www.loc.gov/MARC21/slim http://www.loc.gov/standards/marcxml/schema/MARC21slim.xsd">
   <leader>00925njm 22002777a 4500</leader>
   <datafield ind2=" " ind1=" " tag="042">
      <subfield code="a">dc</subfield>
   </datafield>
   <datafield ind2=" " ind1=" " tag="720">
      <subfield code="a">León Llorente, Consuelo</subfield>
      <subfield code="e">author</subfield>
   </datafield>
   <datafield ind2=" " ind1=" " tag="720">
      <subfield code="a">VIDAL RAMÉNTOL, SALVADOR</subfield>
      <subfield code="e">author</subfield>
   </datafield>
   <datafield ind2=" " ind1=" " tag="260">
      <subfield code="c">2014-03-15</subfield>
   </datafield>
   <datafield ind2=" " ind1=" " tag="520">
      <subfield code="a">El presente artículo presenta un trabajo de investigación, llevado a cabo en un grupo&#xd;
educativo natural en Catalunya (España), al cual se implementó un programa basado&#xd;
en la lectura de los problemas matemáticos. La metodología de la investigación&#xd;
utilizada es mixta, y combina el enfoque casi-experimental con la investigación&#xd;
etnográfica. El análisis y la interpretación de los datos obtenidos aportan estrategias&#xd;
metodológicas susceptibles de ser aplicadas a otros niveles y contextos con el&#xd;
objetivo de mejorar la comprensión lectora de los estudiantes.</subfield>
   </datafield>
   <datafield ind2=" " ind1=" " tag="520">
      <subfield code="a">This article presents a research project, carried out in a natural educational group in&#xd;
Catalunya (Spain), where we implemented a program based on the reading of&#xd;
mathematical problems. The research methodology used is mixed and combines the&#xd;
quasi-experimental approach to ethnographic research. Analysis and interpretation of&#xd;
data provide methodological strategies that can be applied to other levels and&#xd;
contexts in order to improve reading comprehension of students.</subfield>
   </datafield>
   <datafield ind1="8" ind2=" " tag="024">
      <subfield code="a">Balaguer Fàbregas, Maria Carmen; Vidal Raméntol, Salvador. «Programa de lectura estratégica de los problemas matemáticos». Programa de lectura estratégica de los problemas matemáticos, 2014, vol. 18, núm. 33, p. 25-43. Disponible en: &lt;http://www.seeci.net/revista/index.php/seeci/article/view/37>. Fecha de acceso: 12 jul. 2019. https://doi.org/10.15198/seeci.2014.33.25-43</subfield>
   </datafield>
   <datafield ind1="8" ind2=" " tag="024">
      <subfield code="a">1576-3420</subfield>
   </datafield>
   <datafield ind1="8" ind2=" " tag="024">
      <subfield code="a">http://hdl.handle.net/20.500.12328/1164</subfield>
   </datafield>
   <datafield ind1="8" ind2=" " tag="024">
      <subfield code="a">https://doi.org/10.15198/seeci.2014.33.25-43</subfield>
   </datafield>
   <datafield tag="653" ind2=" " ind1=" ">
      <subfield code="a">Lectura--Comprensió</subfield>
   </datafield>
   <datafield tag="653" ind2=" " ind1=" ">
      <subfield code="a">Reading comprenhension</subfield>
   </datafield>
   <datafield tag="653" ind2=" " ind1=" ">
      <subfield code="a">Comprensión lectora</subfield>
   </datafield>
   <datafield tag="653" ind2=" " ind1=" ">
      <subfield code="a">Didàctica</subfield>
   </datafield>
   <datafield tag="653" ind2=" " ind1=" ">
      <subfield code="a">Didáctica</subfield>
   </datafield>
   <datafield tag="653" ind2=" " ind1=" ">
      <subfield code="a">Matemàtica</subfield>
   </datafield>
   <datafield tag="653" ind2=" " ind1=" ">
      <subfield code="a">Matemáticas</subfield>
   </datafield>
   <datafield tag="653" ind2=" " ind1=" ">
      <subfield code="a">Mathematics</subfield>
   </datafield>
   <datafield ind2="0" ind1="0" tag="245">
      <subfield code="a">Programa de lectura estratégica de los problemas matemáticos</subfield>
   </datafield>
</record></metadata></record></GetRecord></OAI-PMH>